000 01391nam a2200325 i 4500
001 000023990
003 DO-SdBNP
005 20251028120111.0
007 ta
008 110118s1986 dr ac r 001 0 spa d
040 _aDO-SdBNP
_bspa
_cBNPHU
_erda
041 _aspa
082 4 _a972.91064
_bR696c
_222
100 1 _aRodríguez Grullón, Julio M.
_913984
_4aut.
_eautor
245 1 0 _aCuba paraíso o infierno? /
_cJulio Rodríguez Grullón ; prólogo, Antonio Rosario.
250 _aPrimera edición
264 _aSanto Domingo :
_bEditora Nivar,
_c1986.
300 _a119 páginas :
_bilustraciones, retratos ;
_c21 cm.
336 _atexto
_btxt
_2rdacontent
337 _asin mediación
_bn
_2rdamedia
338 _avolumen
_bnc
_2rdacarrier
505 _aSinopsis de la historia cubana (1492-1959), 21 -- Mis relaciones con Cuba 31 -- Primer viaje, diciembre 1977, 45-- Segundo viaje (II congreso internacional de auxología), 66 -- Tercer viaje (congreso de pediatría, cuba 84, VII latinoamericano, XIV Panamericano, XXL nacional), 76 -- Comentarios.
590 _aInventariado, 2019/BT
650 4 _aCuba
_xPolítica y gobierno
_y1959-1990
_949325
650 4 _aCuba
_xCondiciones sociales
_919690
650 4 _aCuba
_xCondiciones económicas
_949326
700 1 _aRosario, Antonio,
_eprologuista
_922267
_4pr.
910 _aValidado. Control de calidad. EMS
942 _2ddc
_cLBS1
999 _c23485
_d23485